[Event "UzChess Cup Futures 2024"]
[Site "Tashkent UZB"]
[Date "2024.06.06"]
[Round "1.1"]
[White "Nikitenko, Mihail"]
[Black "Daneshvar, Bardiya"]
[Result "0-1"]
[WhiteTitle "GM"]
[BlackTitle "GM"]
[WhiteElo "2525"]
[BlackElo "2611"]
[WhiteFideId "13506862"]
[BlackFideId "12576468"]
[EventDate "2024.06.06"]

1. e4 c6 2. Nf3 d5 3. d3 g6 4. e5 Bg7 5. d4 f6 6. exf6 exf6 7. Bd3 Ne7 8. O-O
Bf5 9. Re1 Bxd3 10. Qxd3 O-O 11. b3 Nd7 12. a4 Re8 13. Ba3 Nf5 14. Nbd2 Nf8 15.
Rxe8 Qxe8 16. Re1 Qd7 17. Nf1 Ne6 18. g3 Re8 19. Ne3 Ng5 20. Nxg5 fxg5 21. c3 g4
22. Kf1 Nh6 23. Re2 Bf6 24. Bc1 Rd8 25. Re1 Nf7 26. Qe2 h5 27. Qd3 Kg7 28. Ng2
Nd6 29. Nf4 Ne4 30. Kg2 Qf5 31. Rf1 h4 32. f3 gxf3+ 33. Rxf3 Rh8 34. c4 Qd7 35.
cxd5 cxd5 36. Qb5 Qc8 37. Be3 hxg3 38. hxg3 g5 39. Qxd5 gxf4 40. Qxe4 fxe3 41.
Rxe3 Qh3+ 42. Kf2 Qh2+ 43. Ke1 Qh1+ 44. Kd2 Rh2+ 45. Kc3 Qxe4 46. Rxe4 Kf7 47.
g4 Rh1 48. Kc4 Rc1+ 49. Kb5 Bd8 50. d5 a6+ 51. Kb4 b6 52. Ka3 Rd1 53. b4 Rd3+
54. Kb2 Bf6+ 55. Kc2 Rxd5 56. Rc4 Ke6 57. Rc7 Rd7 58. Rc6+ Rd6 59. Rc7 Kd5 60.
Kd3 a5 0-1

[Event "UzChess Cup Futures 2024"]
[Site "Tashkent UZB"]
[Date "2024.06.06"]
[Round "1.2"]
[White "Suyarov, Mukhammadzokhid"]
[Black "Madaminov, Mukhiddin"]
[Result "1/2-1/2"]
[WhiteTitle "IM"]
[BlackTitle "IM"]
[WhiteElo "2430"]
[BlackElo "2517"]
[WhiteFideId "14210495"]
[BlackFideId "14210703"]
[EventDate "2024.06.06"]

1. e4 e5 2. Nf3 Nc6 3. Bb5 a6 4. Ba4 Nf6 5. O-O Bc5 6. c3 b5 7. Bb3 d6 8. d4 Bb6
9. a4 Bb7 10. Re1 h6 11. Be3 Ng4 12. Na3 Nxe3 13. fxe3 O-O 14. Bd5 Qb8 15. axb5
axb5 16. Nxb5 Rxa1 17. Qxa1 exd4 18. cxd4 Nb4 19. Bxb7 Qxb7 20. Qb1 Rb8 21. Rf1
Qa6 22. Nc3 c5 23. Kh1 Nc2 24. Nd5 cxd4 25. exd4 Bxd4 26. Nxd4 Nxd4 27. b4 Nc6
28. Rc1 Kh8 29. h3 Ne5 30. Qc2 Qd3 31. Kh2 f5 32. Qxd3 Nxd3 33. Rc4 Ne5 34. Rd4
Nc6 35. Rc4 Ne5 36. Rd4 Nc6 37. Rc4 Ne5 1/2-1/2

[Event "UzChess Cup Futures 2024"]
[Site "Tashkent UZB"]
[Date "2024.06.06"]
[Round "1.3"]
[White "Tiviakov, Sergei"]
[Black "Saydaliev, Saidakbar"]
[Result "1/2-1/2"]
[WhiteTitle "GM"]
[BlackTitle "IM"]
[WhiteElo "2552"]
[BlackElo "2448"]
[WhiteFideId "1008013"]
[BlackFideId "14203693"]
[EventDate "2024.06.06"]

1. e4 e5 2. Nf3 Nc6 3. Bc4 Nf6 4. d3 d5 5. exd5 Nxd5 6. O-O Be7 7. Re1 f6 8. h3
Be6 9. d4 Ne3 10. Bxe3 Bxc4 11. Nbd2 Bf7 12. dxe5 fxe5 13. Ne4 O-O 14. Qxd8
Raxd8 15. c3 b6 16. Bg5 Rfe8 17. b3 Bg6 18. Bxe7 Rxe7 19. Re3 h6 20. Kf1 Kf7 21.
Rae1 a5 22. Nh4 Bh7 23. g4 Red7 24. Rf3+ Kg8 25. Nf5 Rd3 26. Rg3 Bxf5 27. gxf5
Ne7 28. f6 Nf5 29. Rxd3 Rxd3 30. Ke2 Rd8 31. fxg7 1/2-1/2

[Event "UzChess Cup Futures 2024"]
[Site "Tashkent UZB"]
[Date "2024.06.06"]
[Round "1.4"]
[White "Bernadskiy, Vitaliy"]
[Black "Begmuratov, Khumoyun"]
[Result "1/2-1/2"]
[WhiteTitle "GM"]
[BlackTitle "IM"]
[WhiteElo "2563"]
[BlackElo "2429"]
[WhiteFideId "14100371"]
[BlackFideId "14210207"]
[EventDate "2024.06.06"]

1. e4 e5 2. Nf3 Nc6 3. Bb5 Nf6 4. O-O Nxe4 5. d4 Nd6 6. Bxc6 dxc6 7. dxe5 Nf5 8.
Qxd8+ Kxd8 9. h3 Be7 10. Rd1+ Ke8 11. g4 Nh4 12. Nxh4 Bxh4 13. Nc3 h5 14. f3 Be6
15. Kg2 Rd8 16. Be3 b6 17. Ne2 Rxd1 18. Rxd1 Be7 19. Nf4 hxg4 20. hxg4 Bc8 21.
Nh5 Rg8 22. Bd4 Be6 23. Kg3 c5 24. Bc3 g6 25. Nf4 Rh8 26. a3 a5 27. Bd2 a4 28.
Be3 Bc4 29. Kg2 c6 30. Rd2 Rg8 31. Nh3 Bd5 32. Bg5 Bxg5 33. Nxg5 Ke7 34. Kg3 b5
35. Kf4 Rh8 36. Ne4 Rh3 37. c3 c4 38. Ke3 Rh1 39. Ng5 Re1+ 40. Kd4 f6 41. Ne4 1/2-1/2

[Event "UzChess Cup Futures 2024"]
[Site "Tashkent UZB"]
[Date "2024.06.06"]
[Round "1.5"]
[White "Sivuk, Vitaly"]
[Black "Rasulov, Vugar"]
[Result "1/2-1/2"]
[WhiteTitle "GM"]
[BlackTitle "GM"]
[WhiteElo "2569"]
[BlackElo "2557"]
[WhiteFideId "14116502"]
[BlackFideId "13402390"]
[EventDate "2024.06.06"]

1. d4 Nf6 2. c4 g6 3. Nc3 d5 4. cxd5 Nxd5 5. e4 Nxc3 6. bxc3 Bg7 7. Bc4 c5 8.
Ne2 Nc6 9. Be3 cxd4 10. cxd4 b5 11. Bd5 Bb7 12. O-O O-O 13. Rc1 Na5 14. Bxb7
Nxb7 15. Qb3 a6 16. a4 Nd6 17. axb5 Nxb5 18. d5 Qd7 19. Qa4 Rfd8 20. Rc6 e6 21.
Rxa6 Rxa6 22. Qxa6 exd5 23. exd5 1/2-1/2

[Event "UzChess Cup Futures 2024"]
[Site "Tashkent UZB"]
[Date "2024.06.07"]
[Round "2.1"]
[White "Daneshvar, Bardiya"]
[Black "Rasulov, Vugar"]
[Result "1/2-1/2"]
[WhiteTitle "GM"]
[BlackTitle "GM"]
[WhiteElo "2611"]
[BlackElo "2557"]
[WhiteFideId "12576468"]
[BlackFideId "13402390"]
[EventDate "2024.06.06"]

1. c4 Nf6 2. g3 e5 3. Bg2 h6 4. d3 Bb4+ 5. Nd2 a5 6. Nf3 Nc6 7. a3 Bc5 8. O-O
O-O 9. b3 d6 10. Bb2 Bf5 11. h3 Re8 12. Ne1 Qd7 13. Kh2 Bd4 14. Bxd4 Nxd4 15. e3
Ne6 16. e4 Bh7 17. f4 b5 18. f5 Nd4 19. Nc2 Rab8 20. Nxd4 exd4 21. Qc2 c5 22.
Rab1 Qc7 23. Rfc1 b4 24. Ra1 Nd7 25. Rf1 Ne5 26. f6 gxf6 27. Rxf6 Kg7 28. Rf4
bxa3 29. Rxa3 Rb4 30. Rf1 Bg6 31. Rfa1 Ra8 32. Ra4 Qb6 33. Qb1 h5 34. Qf1 h4 35.
g4 Rxa4 36. Rxa4 Qd8 37. Nf3 Qf6 38. Nxe5 Qxe5+ 39. Kh1 Qg5 40. Qd1 Qd8 41. Qe1
Rb8 42. Ra3 Rb4 43. Bf3 Qg5 44. Qd1 Qe3 45. Bg2 Qf2 46. Rxa5 Rxb3 47. Qxb3 Qe1+
48. Kh2 Qxa5 49. Qd1 Qc7 50. Kg1 Qe7 51. Qd2 Qe5 52. Bf1 Qg3+ 53. Qg2 Qe3+ 54.
Qf2 Qg5 55. Qh2 Qf6 56. Qf2 Qg5 57. Qh2 Qe5 58. Qf2 Qf6 59. Qxf6+ Kxf6 60. Kf2
Ke5 61. Kf3 f6 62. Be2 Be8 63. Bd1 Bd7 64. Bc2 Ke6 65. Bd1 Ke7 66. Ke2 Be8 67.
Kd2 Kd8 68. Kc1 Bd7 69. Kd2 Kc7 70. Kc1 Bc8 71. Kc2 Be6 72. Kc1 Bd7 73. Kb2 Kb6
74. Ka3 Ka5 75. Bc2 1/2-1/2

[Event "UzChess Cup Futures 2024"]
[Site "Tashkent UZB"]
[Date "2024.06.07"]
[Round "2.2"]
[White "Begmuratov, Khumoyun"]
[Black "Sivuk, Vitaly"]
[Result "1/2-1/2"]
[WhiteTitle "IM"]
[BlackTitle "GM"]
[WhiteElo "2429"]
[BlackElo "2569"]
[WhiteFideId "14210207"]
[BlackFideId "14116502"]
[EventDate "2024.06.06"]

1. e4 e5 2. Nf3 Nc6 3. Bb5 a6 4. Ba4 Nf6 5. O-O Be7 6. Re1 b5 7. Bb3 O-O 8. a4
b4 9. d3 d6 10. c3 Rb8 11. Nbd2 h6 12. a5 Be6 13. Bxe6 fxe6 14. d4 bxc3 15. bxc3
exd4 16. cxd4 Rb5 17. Nb1 d5 18. Nc3 Rxa5 19. Rxa5 Nxa5 20. exd5 exd5 21. Qa4
Nc4 22. Nxd5 Qxd5 23. Rxe7 Qb5 24. Qc2 Nd5 25. Re1 Nb4 26. Qg6 Qf5 27. Qg3 Kh7
28. Bxh6 Kxh6 29. d5 Qxd5 30. Qh3+ Kg6 31. Nh4+ Kf6 32. Qg4 g5 33. Qh5 Rg8 34.
Qh6+ Kf7 35. Qh7+ Rg7 36. Qh5+ Kf6 37. Qh6+ Kf7 38. Qh5+ Kf6 39. Nf3 Nd3 40.
Qh6+ Kf7 41. Qh5+ Kf6 42. Qh6+ Kf7 43. Qh5+ 1/2-1/2

[Event "UzChess Cup Futures 2024"]
[Site "Tashkent UZB"]
[Date "2024.06.07"]
[Round "2.3"]
[White "Saydaliev, Saidakbar"]
[Black "Bernadskiy, Vitaliy"]
[Result "1-0"]
[WhiteTitle "IM"]
[BlackTitle "GM"]
[WhiteElo "2448"]
[BlackElo "2563"]
[WhiteFideId "14203693"]
[BlackFideId "14100371"]
[EventDate "2024.06.06"]

1. e4 c5 2. Nf3 d6 3. d4 cxd4 4. Nxd4 Nf6 5. Bd3 g6 6. c4 Bg7 7. h3 O-O 8. Be3
Nc6 9. Nc3 e6 10. O-O d5 11. exd5 exd5 12. Rc1 Nh5 13. Ncb5 Nxd4 14. Nxd4 dxc4
15. Bxc4 Bd7 16. Qb3 Rc8 17. Rfd1 Bxd4 18. Rxd4 Rc7 19. Rcd1 Qc8 20. Bh6 Ng7 21.
Qc3 Nf5 22. Bxf8 Nxd4 23. Qxd4 Qxf8 24. Qf4 Ba4 25. Qxc7 Bxd1 26. Qxb7 Qe8 27.
Qxa7 Qe1+ 28. Kh2 Qe5+ 29. g3 Qf6 30. Qb8+ 1-0

[Event "UzChess Cup Futures 2024"]
[Site "Tashkent UZB"]
[Date "2024.06.07"]
[Round "2.4"]
[White "Madaminov, Mukhiddin"]
[Black "Tiviakov, Sergei"]
[Result "1/2-1/2"]
[WhiteTitle "IM"]
[BlackTitle "GM"]
[WhiteElo "2517"]
[BlackElo "2552"]
[WhiteFideId "14210703"]
[BlackFideId "1008013"]
[EventDate "2024.06.06"]

1. e4 d5 2. exd5 Qxd5 3. Nc3 Qd6 4. d4 c6 5. Nf3 Bf5 6. Ne5 Nd7 7. Nc4 Qg6 8.
Ne3 Ngf6 9. Ne2 Nd5 10. Nxf5 Qxf5 11. Ng3 Qe6+ 12. Be2 g6 13. O-O Bg7 14. Re1
Qd6 15. c4 N5f6 16. Bf3 e6 17. Qb3 Rb8 18. Bd2 O-O 19. Bb4 Qxd4 20. Bxf8 Bxf8
21. Rad1 Qb6 22. Qxb6 Nxb6 23. b3 Bb4 24. Re3 Kf8 25. Ne2 Bc5 26. Nd4 Nbd7 27.
Re2 a5 28. Nc2 Ke7 29. h4 Bd6 30. g3 h5 31. Kg2 Nb6 32. Red2 Be5 33. Re2 Bd6 34.
Ne1 Nbd7 35. Be4 Ne5 36. Bb1 Nfd7 37. Nc2 Bc5 38. a3 Bb6 39. Ba2 c5 40. b4 Nc6
41. bxa5 Bxa5 42. Bb3 Bc3 43. Ba4 Nd4 44. Nxd4 Bxd4 45. Bb5 Nb6 46. Rb1 Nc8 47.
Bc6 Nd6 48. a4 Ra8 49. Bxb7 Rxa4 50. Bd5 Kd7 51. Bf3 Rxc4 52. Ra2 Rb4 53. Ra7+
Ke8 54. Bc6+ Kf8 55. Rxb4 cxb4 56. Rd7 Bc5 57. Ba4 Ne4 58. Rc7 Bd6 59. Rd7 Be7
60. Rb7 Bc5 61. Rc7 Bd6 62. Rd7 Bc5 1/2-1/2

[Event "UzChess Cup Futures 2024"]
[Site "Tashkent UZB"]
[Date "2024.06.07"]
[Round "2.5"]
[White "Nikitenko, Mihail"]
[Black "Suyarov, Mukhammadzokhid"]
[Result "0-1"]
[WhiteTitle "GM"]
[BlackTitle "IM"]
[WhiteElo "2525"]
[BlackElo "2430"]
[WhiteFideId "13506862"]
[BlackFideId "14210495"]
[EventDate "2024.06.06"]

1. c4 e6 2. Nc3 d5 3. d4 c6 4. e3 Nf6 5. Nf3 Nbd7 6. Qc2 Bd6 7. Bd3 O-O 8. O-O
dxc4 9. Bxc4 b5 10. Bb3 Bb7 11. Rd1 Qc7 12. e4 e5 13. h3 Rae8 14. dxe5 Nxe5 15.
Nd4 Ng6 16. Nf5 Bh2+ 17. Kh1 b4 18. g3 Bxg3 19. fxg3 bxc3 20. Qxc3 Rxe4 21. Bg5
c5 22. Kg1 Re5 23. g4 Qc6 24. Qg3 Qh1+ 0-1

[Event "UzChess Cup Futures 2024"]
[Site "Tashkent UZB"]
[Date "2024.06.08"]
[Round "3.1"]
[White "Suyarov, Mukhammadzokhid"]
[Black "Daneshvar, Bardiya"]
[Result "1-0"]
[WhiteTitle "IM"]
[BlackTitle "GM"]
[WhiteElo "2430"]
[BlackElo "2611"]
[WhiteFideId "14210495"]
[BlackFideId "12576468"]
[EventDate "2024.06.06"]

1. e4 c5 2. Nf3 d6 3. Bb5+ Bd7 4. Bxd7+ Nxd7 5. c4 e6 6. Nc3 Rc8 7. O-O a6 8. b3
Ne5 9. d4 Nxf3+ 10. gxf3 cxd4 11. Qxd4 Ne7 12. Rd1 Ng6 13. f4 Qh4 14. Qe3 Be7
15. Bd2 O-O 16. Qf3 Rc5 17. Be3 Rh5 18. Qg3 f5 19. c5 dxc5 20. e5 Rf7 21. Rd7 b5
22. Ra7 Bf8 23. Rxa6 Qe7 24. Qf3 Qh4 25. h3 b4 26. Ne2 Rh6 27. Rd1 Ne7 28. Bxc5
Rg6+ 29. Kf1 Nd5 30. Ra8 h5 31. Rxd5 exd5 32. Bxf8 Kh7 33. Bd6 Rd7 34. Nd4 1-0

[Event "UzChess Cup Futures 2024"]
[Site "Tashkent UZB"]
[Date "2024.06.08"]
[Round "3.2"]
[White "Tiviakov, Sergei"]
[Black "Nikitenko, Mihail"]
[Result "0-1"]
[WhiteTitle "GM"]
[BlackTitle "GM"]
[WhiteElo "2552"]
[BlackElo "2525"]
[WhiteFideId "1008013"]
[BlackFideId "13506862"]
[EventDate "2024.06.06"]

1. e4 e5 2. Nf3 Nc6 3. Bc4 Bc5 4. c3 Nf6 5. d3 d6 6. Bb3 a6 7. h3 h6 8. Nbd2 O-O
9. Qe2 Re8 10. g4 Be6 11. Bc2 d5 12. exd5 Bxd5 13. Ne4 Nxe4 14. dxe4 Be6 15. Rg1
b5 16. Bb3 Bxb3 17. axb3 Re6 18. Bd2 Qd7 19. O-O-O Rd6 20. Be3 Bxe3+ 21. Qxe3 b4
22. c4 a5 23. Rd5 a4 24. bxa4 Rxa4 25. Rgd1 Na5 26. Kb1 Nxc4 27. Qb3 Na5 28. Qc2
b3 29. Qc3 Ra1+ 30. Kxa1 Qa4+ 31. Kb1 Nc4 32. Nd2 Nxd2+ 33. Kc1 Nxe4 34. Qa5
Qc4+ 35. Kb1 Qc2+ 36. Ka1 0-1

[Event "UzChess Cup Futures 2024"]
[Site "Tashkent UZB"]
[Date "2024.06.08"]
[Round "3.3"]
[White "Bernadskiy, Vitaliy"]
[Black "Madaminov, Mukhiddin"]
[Result "1/2-1/2"]
[WhiteTitle "GM"]
[BlackTitle "IM"]
[WhiteElo "2563"]
[BlackElo "2517"]
[WhiteFideId "14100371"]
[BlackFideId "14210703"]
[EventDate "2024.06.06"]

1. c4 Nf6 2. Nc3 e5 3. Nf3 Nc6 4. g3 Bb4 5. Bg2 O-O 6. Nd5 e4 7. Nh4 d6 8. Nxb4
Nxb4 9. a3 Nc6 10. d3 d5 11. O-O exd3 12. Qxd3 Ne5 13. Qd4 Nxc4 14. e4 Na5 15.
Qc3 Nc6 16. Rd1 d4 17. Qc2 a5 18. b3 Qe7 19. Bb2 Bg4 20. Nf5 Bxf5 21. exf5 Ra6
22. Bxd4 Nxd4 23. Rxd4 c6 24. a4 Raa8 25. Rad1 Rad8 26. Qd2 Rxd4 27. Qxd4 Qe2
28. h3 h5 29. Rd2 Qe1+ 30. Bf1 Re8 31. Rd1 Qe5 32. Qxe5 Rxe5 33. Rd8+ Re8 34.
Rd4 Kf8 35. b4 axb4 36. Rxb4 Rb8 37. Bg2 Nd7 38. Bf3 g6 39. fxg6 fxg6 40. Be4
Kf7 41. Kg2 Kf6 42. f4 Re8 43. Rxb7 Rxe4 44. Rxd7 Rxa4 1/2-1/2

[Event "UzChess Cup Futures 2024"]
[Site "Tashkent UZB"]
[Date "2024.06.08"]
[Round "3.4"]
[White "Sivuk, Vitaly"]
[Black "Saydaliev, Saidakbar"]
[Result "1-0"]
[WhiteTitle "GM"]
[BlackTitle "IM"]
[WhiteElo "2569"]
[BlackElo "2448"]
[WhiteFideId "14116502"]
[BlackFideId "14203693"]
[EventDate "2024.06.06"]

1. Nf3 Nf6 2. c4 e6 3. Nc3 d5 4. d4 h6 5. a3 dxc4 6. e4 b5 7. e5 Nd5 8. Nxb5 Nb6
9. Be3 Nc6 10. Qc2 a6 11. Nc3 Bb7 12. Be2 Na5 13. Rd1 Qd7 14. O-O Qc6 15. d5
exd5 16. Nd4 Qg6 17. Qxg6 fxg6 18. Ne6 Kd7 19. Bg4 Be7 20. Bxb6 cxb6 21. Nxd5 h5
22. Nxb6+ Kc6 23. Nxa8 hxg4 24. Nd4+ Kc5 25. Nc7 Kb6 26. Nde6 1-0

[Event "UzChess Cup Futures 2024"]
[Site "Tashkent UZB"]
[Date "2024.06.08"]
[Round "3.5"]
[White "Rasulov, Vugar"]
[Black "Begmuratov, Khumoyun"]
[Result "1-0"]
[WhiteTitle "GM"]
[BlackTitle "IM"]
[WhiteElo "2557"]
[BlackElo "2429"]
[WhiteFideId "13402390"]
[BlackFideId "14210207"]
[EventDate "2024.06.06"]

1. d4 d5 2. Nf3 Nf6 3. Bf4 c5 4. e3 Nc6 5. Nbd2 Bg4 6. c3 e6 7. Bb5 Qb6 8. Qa4
Bxf3 9. Nxf3 a6 10. Bxc6+ bxc6 11. O-O Be7 12. Ne5 Rc8 13. Bg5 h6 14. Bxf6 gxf6
15. Nd3 c4 16. Nf4 Qxb2 17. Rfc1 Qa3 18. Qd1 Bd6 19. Qg4 Ke7 20. Nh5 Rhg8 21.
Qh4 Rg5 22. Nxf6 Kxf6 23. f4 Kg6 24. fxg5 hxg5 25. Qf2 f5 26. Rab1 Rh8 27. g3
Bc7 28. Rc2 Rh7 29. Qf1 Qd6 30. Rg2 Ba5 31. Qc1 Bc7 32. Qc2 Rh3 33. Qa4 a5 34.
Rb7 Rh8 35. Qc2 e5 36. g4 e4 37. gxf5+ Kf6 38. Rg3 Qd8 39. Qg2 Bxg3 40. Qxg3
Kxf5 41. Qe5+ Kg6 42. Rg7+ Kh6 43. Rf7 Qc8 44. h3 Qb8 45. Qe6+ Kh5 46. Qg4+ Kg6
47. Qf5+ Kh5 48. Rh7+ 1-0

[Event "UzChess Cup Futures 2024"]
[Site "Tashkent UZB"]
[Date "2024.06.09"]
[Round "4.1"]
[White "Daneshvar, Bardiya"]
[Black "Begmuratov, Khumoyun"]
[Result "1/2-1/2"]
[WhiteTitle "GM"]
[BlackTitle "IM"]
[WhiteElo "2611"]
[BlackElo "2429"]
[WhiteFideId "12576468"]
[BlackFideId "14210207"]
[EventDate "2024.06.06"]

1. Nf3 Nf6 2. c4 e6 3. g3 d5 4. Bg2 Be7 5. O-O O-O 6. d4 dxc4 7. Qc2 a6 8. a4
Bd7 9. Rd1 Bc6 10. Bg5 Nbd7 11. Nbd2 h6 12. Bxf6 Nxf6 13. Nxc4 Be4 14. Qb3 Bd5
15. Nfe5 b5 16. Bxd5 Qxd5 17. Na5 Qxb3 18. Nxb3 bxa4 19. Na5 c5 20. Nac6 Bd6 21.
dxc5 Bxc5 22. Rxa4 Rfc8 23. Rda1 Nd7 24. Rxa6 Rxa6 25. Rxa6 Nxe5 26. Nxe5 Rb8
27. Nd7 Rb5 28. Ra8+ Kh7 29. Rb8 Rxb8 30. Nxb8 Kg6 31. Nc6 Kf5 32. Kf1 e5 33. e3
Ke6 34. e4 Kd6 35. Na5 Bd4 36. Ke2 Kc7 37. Nc4 Kc6 38. Ne3 g6 39. b3 h5 40. h3
Kc5 41. Nc2 Bc3 42. Kd3 Ba5 43. f3 Kb5 44. Na3+ Kb4 45. Nc4 Bc7 46. Kc2 Bb8 47.
Nb2 Bd6 48. Nd3+ Kb5 49. Kb2 Bc7 50. Kc3 Bd6 51. Nb2 Bc5 52. Nc4 Bd4+ 53. Kd3
Kc5 54. f4 f6 55. g4 hxg4 56. hxg4 Kb4 57. fxe5 fxe5 58. Nd2 Bc3 59. Nf3 Kxb3
60. Nh4 Kb4 61. Nxg6 Bb2 62. Kc2 Ba1 63. g5 Kc5 64. Nh8 Kd6 65. g6 Ke7 66. g7 1/2-1/2

[Event "UzChess Cup Futures 2024"]
[Site "Tashkent UZB"]
[Date "2024.06.09"]
[Round "4.2"]
[White "Saydaliev, Saidakbar"]
[Black "Rasulov, Vugar"]
[Result "1-0"]
[WhiteTitle "IM"]
[BlackTitle "GM"]
[WhiteElo "2448"]
[BlackElo "2557"]
[WhiteFideId "14203693"]
[BlackFideId "13402390"]
[EventDate "2024.06.06"]

1. e4 c5 2. Nf3 d6 3. d4 cxd4 4. Nxd4 Nf6 5. Nc3 a6 6. h3 e5 7. Nf3 Nbd7 8. a4
Qc7 9. Be3 b6 10. Nd2 Bb7 11. Be2 Be7 12. Bf3 h6 13. g4 Rc8 14. h4 Nf8 15. Rg1
g6 16. g5 hxg5 17. hxg5 N6d7 18. Nb3 Ne6 19. Qd2 Qc4 20. O-O-O Qb4 21. Rh1 Rf8
22. Kb1 Rc4 23. Be2 Rxc3 24. bxc3 Qxa4 25. f3 Qc6 26. Kb2 a5 27. c4 a4 28. Nc1
Nf4 29. Na2 a3+ 30. Ka1 Nxe2 31. Qxe2 Ba6 32. Qd3 Bxc4 33. Qc3 b5 34. Nb4 Qa8
35. Nd5 Bd8 36. Bc1 Nc5 37. Qxa3 Qxa3+ 38. Bxa3 Bxg5 39. Nb6 Ke7 40. Bxc5 dxc5
41. Rd7+ Kf6 42. Nxc4 bxc4 43. Kb2 Rb8+ 44. Kc3 Rb4 45. Rh7 Be3 46. Rdxf7+ Kg5
47. Rh2 Bd4+ 48. Kd2 c3+ 49. Ke2 c4 50. Rg2+ Kh6 51. Rf6 Kg7 52. Rfxg6+ Kf7 53.
Rg7+ Kf8 54. f4 Rb1 55. Rc7 Rc1 56. f5 Rxc2+ 57. Kf3 Rb2 58. Rxc4 Rb7 59. Rc8+
Kf7 60. Rh2 Kg7 61. Rch8 c2 62. R2h7+ Kf6 63. Rf8+ 1-0

[Event "UzChess Cup Futures 2024"]
[Site "Tashkent UZB"]
[Date "2024.06.09"]
[Round "4.3"]
[White "Madaminov, Mukhiddin"]
[Black "Sivuk, Vitaly"]
[Result "1-0"]
[WhiteTitle "IM"]
[BlackTitle "GM"]
[WhiteElo "2517"]
[BlackElo "2569"]
[WhiteFideId "14210703"]
[BlackFideId "14116502"]
[EventDate "2024.06.06"]

1. e4 e5 2. Nf3 Nc6 3. Bb5 a6 4. Ba4 Nf6 5. O-O Be7 6. Re1 b5 7. Bb3 O-O 8. c3
d5 9. exd5 Nxd5 10. Nxe5 Nxe5 11. Rxe5 c6 12. Re1 Bd6 13. d3 Bf5 14. Qf3 Qh4 15.
g3 Qh3 16. Be3 Bxd3 17. Nd2 Bf5 18. Bxd5 cxd5 19. Qxd5 Rad8 20. Qg2 Qh5 21. Bd4
b4 22. Nc4 Bb8 23. Ne3 Be6 24. Qc6 bxc3 25. bxc3 Qb5 26. Qf3 Rfe8 27. Rab1 Qd7
28. Rb7 Qc8 29. Reb1 Bd6 30. a4 Rd7 31. h4 h6 32. Rxd7 Qxd7 33. Rb6 a5 34. Rb5
Bc7 35. Nf5 f6 36. Kh2 Rb8 37. Nxh6+ gxh6 38. Qxf6 Rxb5 39. axb5 Bd6 40. b6 Bd5
41. c4 Bb7 42. Qg6+ Kf8 43. c5 Bxg3+ 44. Qxg3 Qc6 45. Qd6+ Kf7 46. Qxc6 Bxc6 47.
Kg3 h5 48. Kf4 Ke6 49. Bb2 a4 50. Kg5 Bf3 51. c6 Bxc6 52. Kxh5 Kf5 53. Kh6 Kg4
54. h5 Be4 55. f4 Bc6 56. Kg7 Kxh5 57. f5 1-0

[Event "UzChess Cup Futures 2024"]
[Site "Tashkent UZB"]
[Date "2024.06.09"]
[Round "4.4"]
[White "Nikitenko, Mihail"]
[Black "Bernadskiy, Vitaliy"]
[Result "0-1"]
[WhiteTitle "GM"]
[BlackTitle "GM"]
[WhiteElo "2525"]
[BlackElo "2563"]
[WhiteFideId "13506862"]
[BlackFideId "14100371"]
[EventDate "2024.06.06"]

1. e4 c5 2. Nf3 d6 3. d4 cxd4 4. Nxd4 Nf6 5. Nc3 Nc6 6. Bg5 e6 7. Bb5 Bd7 8. Qd3
h6 9. Bh4 Be7 10. O-O-O O-O 11. Bxc6 bxc6 12. Nb3 d5 13. e5 Nh7 14. Bxe7 Qxe7
15. Qd4 Rfb8 16. Nc5 Nf8 17. h4 Bc8 18. Rh3 Nd7 19. N3a4 Rb5 20. Rc3 Rab8 21. a3
Nb6 22. Rdd3 h5 23. Rg3 g6 24. Rgf3 Bd7 25. Nxb6 axb6 26. Nxd7 Qxd7 27. Rf6 Rc5
28. Rxc5 bxc5 29. Qxc5 Rb5 30. Qe3 d4 31. Qe4 Rd5 32. Rf3 c5 33. Rb3 Qc7 34. f4
c4 35. Rf3 d3 36. Rf2 Qc5 37. Qf3 dxc2 38. Kxc2 Qb6 39. Re2 Rd3 40. Qa8+ Kg7 41.
Qa4 Qd4 42. Kb1 Rd1+ 43. Ka2 Rc1 44. Rc2 Qd1 45. Rxc1 Qxa4 46. Rc3 f6 47. exf6+
Kxf6 48. g3 Kf5 49. Re3 Kg4 50. Rc3 Kh3 51. Kb1 Kg2 52. Re3 Qd1+ 53. Ka2 Qd3 0-1

[Event "UzChess Cup Futures 2024"]
[Site "Tashkent UZB"]
[Date "2024.06.09"]
[Round "4.5"]
[White "Suyarov, Mukhammadzokhid"]
[Black "Tiviakov, Sergei"]
[Result "1-0"]
[WhiteTitle "IM"]
[BlackTitle "GM"]
[WhiteElo "2430"]
[BlackElo "2552"]
[WhiteFideId "14210495"]
[BlackFideId "1008013"]
[EventDate "2024.06.06"]

1. e4 e6 2. d4 d5 3. Nc3 dxe4 4. Nxe4 Nd7 5. Nf3 Ngf6 6. Nxf6+ Nxf6 7. c3 Be7 8.
Be3 O-O 9. Be2 Nd5 10. Bd2 c5 11. O-O cxd4 12. Nxd4 e5 13. Nc2 Be6 14. c4 Nb6
15. b3 Qc7 16. Bc3 f5 17. Qc1 Rae8 18. Qb2 Bf6 19. Rad1 Nd7 20. Rfe1 Nc5 21. Ne3
e4 22. Bxf6 Rxf6 23. b4 Nd7 24. c5 b6 25. Nd5 Bxd5 26. Rxd5 bxc5 27. Bb5 Re7 28.
Red1 Nf8 29. Rxc5 Qb6 30. a4 f4 31. Qd4 h6 32. a5 Qb8 33. Re1 e3 34. fxe3 Kh8
35. Rc6 Rxc6 36. Bxc6 fxe3 37. b5 e2 38. g3 Qc7 39. a6 Ne6 40. Qf2 Ng5 41. Kg2
Qe5 42. h4 Ne4 43. Qe3 Nc5 44. Qxe5 Rxe5 45. Kh3 Na4 46. Bf3 Rxb5 47. Rxe2 Nc5
48. Re8+ Kh7 49. h5 Rb6 50. Rc8 Nxa6 51. Be4+ g6 52. hxg6+ Kg7 53. Ra8 Rd6 54.
Rxa7+ Kg8 55. Bb1 Nb4 56. Rb7 Nd5 57. Ba2 1-0

[Event "UzChess Cup Futures 2024"]
[Site "Tashkent UZB"]
[Date "2024.06.10"]
[Round "5.1"]
[White "Tiviakov, Sergei"]
[Black "Daneshvar, Bardiya"]
[Result "0-1"]
[WhiteTitle "GM"]
[BlackTitle "GM"]
[WhiteElo "2552"]
[BlackElo "2611"]
[WhiteFideId "1008013"]
[BlackFideId "12576468"]
[EventDate "2024.06.06"]

1. e4 e5 2. Nf3 Nc6 3. Bc4 Nf6 4. d3 Bc5 5. c3 d6 6. Bb3 a5 7. a4 h6 8. O-O O-O
9. Be3 Bxe3 10. fxe3 g6 11. Nbd2 Qe7 12. Qe1 Kg7 13. d4 b6 14. Qe2 Bb7 15. Bc2
Rae8 16. Bd3 Nb8 17. Rae1 Nbd7 18. Bc2 Nh7 19. Qf2 Ba6 20. c4 Ndf6 21. b3 Ng5
22. Qh4 Nfh7 23. Qg3 Bc8 24. Kh1 Bb7 25. Kg1 Ne6 26. dxe5 dxe5 27. Nxe5 Qg5 28.
Nd7 Qxg3 29. hxg3 Rh8 30. Nf3 Re7 31. Rd1 Rd8 32. Nde5 Rxd1 33. Rxd1 Nc5 34. Nd3
Nxe4 35. b4 axb4 36. Nxb4 Nhf6 37. Nd5 Bxd5 38. cxd5 Nd6 39. Rd3 Ng4 40. Nd4
Rxe3 0-1